Los sistemas eléctricos de potencia

Saved in:
Bibliografiske detaljer
Main Authors: Brokering Christie, Walter (Author), Palma Behnke, Rodrigo (Author), Vargas Díaz, Luis (Author)
Format: Bog
Sprog:spansk
Udgivet: Ciudad de México Pearson Educación 2008
Udgivelse:1a. ed
Fag:
Tags: Tilføj Tag
Ingen Tags, Vær først til at tagge denne postø!

MARC

LEADER 00000nam a2200000 a 4500
001 UCH0101
003 CL-VaPUC
008 090108e20080000MX |||||||||||||||||spa|d
020 |a 97809702612926 
082 0 4 |a 621.317  |b BRO  |2 21 
100 0 |a Brokering Christie, Walter  |e author  |9 534187 
700 0 |a Palma Behnke, Rodrigo  |e author  |9 534188 
700 0 |a Vargas Díaz, Luis  |e author  |9 534189 
245 1 4 |a Los sistemas eléctricos de potencia 
246 1 0 |a Ñom lüfke, el Rayo Domado o Los sistemas eléctricos de potencia 
250 |a 1a. ed 
300 |a 472 p 
942 |c BK 
945 |d 20090108 00:00:00  |a jtorresc 
260 |a Ciudad de México  |b Pearson Educación  |c 2008 
650 0 |a Sistemas eléctricos de potencia   |9 260291 
650 0 |a Control automático  |9 259890 
650 0 |a Sistemas de seguridad   |9 379885 
650 0 |a Análisis fallas asimétricas   |9 534190 
650 7 |a SISTEMA DE POTENCIA  |2 CL-VaPUC  |9 427991 
583 |a last modification  |c 20130103 08:38:50  |k Rodrigo Vera 
999 |c 332482  |d 332480 
952 |0 0  |1 0  |4 0  |6 621_317000000000000_BRO_2008  |7 0  |8 A  |9 420202  |a BIBING  |b BIBING  |d 2019-11-22  |i 4509749  |o 621.317 BRO 2008  |p 4509749  |r 2025-01-20  |w 2019-11-22  |y BK  |k EIE 
952 |0 0  |1 0  |4 0  |6 621_317000000000000_BRO_2008  |7 0  |8 A  |9 420203  |a BIBING  |b BIBING  |d 2019-11-22  |i 456135K  |l 2  |o 621.317 BRO 2008  |p 456135K  |r 2025-01-20  |s 2022-03-09  |w 2019-11-22  |y BK  |k EIE 
952 |0 0  |1 0  |4 0  |6 621_317000000000000_BRO_2008  |7 0  |8 A  |9 420204  |a BIBING  |b BIBING  |d 2019-11-22  |i 4564952  |o 621.317 BRO 2008  |p 4564952  |r 2025-01-20  |w 2019-11-22  |y BK  |k EIE 
952 |0 0  |1 0  |4 0  |6 621_317000000000000_BRO_2008  |7 0  |8 A  |9 420205  |a BIBING  |b BIBING  |d 2019-11-22  |i 4564960  |o 621.317 BRO 2008  |p 4564960  |r 2025-01-20  |w 2019-11-22  |y BK  |k EIE 
952 |0 0  |1 0  |4 0  |6 621_317000000000000_BRO_2008  |7 0  |8 A  |9 420206  |a BIBING  |b BIBING  |d 2019-11-22  |i 4564979  |o 621.317 BRO 2008  |p 4564979  |r 2025-01-20  |w 2019-11-22  |y BK  |k EIE 
952 |0 0  |1 0  |2 ddc  |4 0  |6 621_317000000000000_BRO_2008  |7 0  |8 A  |9 420207  |a BIBING  |b BIBING  |d 2019-11-22  |i 4564987  |o 621.317 BRO 2008  |p 4564987  |r 2025-01-20  |w 2019-11-22  |y BK  |k EIE 
952 |0 0  |1 0  |4 0  |6 621_317000000000000_BRO_2008  |7 0  |8 A  |9 420208  |a BIBMEC  |b BIBMEC  |d 2019-11-22  |i 4607910  |o 621.317 BRO 2008  |p 4607910  |r 2024-01-19  |w 2019-11-22  |y BK  |k MEC 
952 |0 0  |1 0  |4 0  |6 621_317000000000000_BRO_2008  |7 0  |8 A  |9 420209  |a BIBING  |b BIBING  |d 2019-11-22  |i 4607872  |l 1  |o 621.317 BRO 2008  |p 4607872  |r 2025-01-20  |s 2022-03-07  |w 2019-11-22  |y BK  |k EIE 
952 |0 0  |1 0  |4 0  |6 621_317000000000000_BRO_2008  |7 0  |8 A  |9 420210  |a BIBING  |b BIBING  |d 2019-11-22  |i 4616278  |o 621.317 BRO 2008  |p 4616278  |r 2023-03-02  |w 2019-11-22  |y BK  |k EIE 
952 |0 0  |1 0  |4 0  |6 621_317000000000000_BRO_2008  |7 0  |8 A  |9 420211  |a BIBING  |b BIBING  |d 2019-11-22  |i 4679539  |l 1  |o 621.317 BRO 2008  |p 4679539  |r 2025-01-20  |s 2022-03-15  |w 2019-11-22  |y BK  |k EIE